|
|
|
|
| LEADER |
00000cam a2200000 7i4500 |
| 001 |
0000006055 |
| 002 |
000006545 |
| 005 |
20010319.0 |
| 020 |
|
|
|a 9839831845
|
| 090 |
0 |
0 |
|a F
|b ELI
|
| 100 |
0 |
|
|a Elias Haji Idris
|
| 245 |
1 |
0 |
|a Pilihan kedua
|c Elias Haji Idris
|
| 260 |
|
|
|a Kuala Lumpur :
|b Creative Enterprise ,
|c 1994, 2000
|
| 300 |
|
|
|a 672p. ;
|c 18cm.
|
| 650 |
0 |
0 |
|a Malay fiction
|
| 999 |
|
|
|a 00100794
|b BUKU
|c FICTION
|e PERPUSTAKAAN KOMUNITI PETALING JAYA
|
| 999 |
|
|
|a 00100795
|b BUKU
|c FICTION
|e PERPUSTAKAAN KOMUNITI PETALING JAYA
|
| 999 |
|
|
|a 00100796
|b BUKU
|c FICTION
|e PERPUSTAKAAN KOMUNITI PETALING JAYA
|
| 999 |
|
|
|a 038107
|b BUKU
|c FICTION
|e PERPUSTAKAAN KOMUNITI PETALING JAYA
|
| 999 |
|
|
|a 038108
|b BUKU
|c PINJAMAN
|e PERPUSTAKAAN KOMUNITI PETALING JAYA
|
| 999 |
|
|
|a 134919
|b BUKU
|c FICTION
|e PERPUSTAKAAN KOMUNITI PETALING JAYA
|
| 999 |
|
|
|a 134920
|b BUKU
|c FICTION
|e PERPUSTAKAAN KOMUNITI PETALING JAYA
|